000 00984nam a2200277Ia 4500
003 OSt
005 20220923211552.0
006 a|||||r|||| 00| 0
007 ta
008 220922b |||||||| |||| 00| 0 hin d
020 _a9789385145001 (pbk)
_c125
024 _a324,815
037 _b252, 13/03/2018, Shivalik Prakashan
_cTextual
040 _aARTS
_cARTS
_bhin
041 _2hin
_ahin
082 _aO152,3NJ0,KA, Q7
100 _aजोशी, भुवन चन्द्र, ले.
245 0 _aकैबिन नं 6
246 _aKaibin nan 6
260 _aदिल्ली
_b शिवालिक प्रकाशन
_c2017
300 _aq100पृ.
_ccm.
650 _a हिन्दी साहित्य
_9156264
650 _aहिन्दी कहानी
942 _hO152,3NJ0,KA, Q7
_cTEXL
_2CC
999 _c300846
_d300846